| 000 | 01205nam0a22003011 4500 | ||
|---|---|---|---|
| 001 | rc\4161678 | ||
| 005 | 20250611113907.0 | ||
| 021 |
_aRU _b[51-8151] |
||
| 035 | _a(NLR Aleph) 008176735 | ||
| 090 |
_a7889233 _c7889233 |
||
| 100 | _a20130415d1950 |||y0rusy50 ca | ||
| 101 | 0 | _arus | |
| 102 | _aRU | ||
| 105 | _ay z ||||| | ||
| 200 | 1 |
_aВыдающийся русский ученый академик В.Р. Вильямс. [1863-1939] _eНауч.-попул. лекция _fВсесоюз. о-во по распространению полит. и науч. знаний |
|
| 210 |
_aМосква _c[Правда] _d1950 |
||
| 215 |
_a20 с. _d22 |
||
| 225 | 1 | _aКолхозная серия | |
| 300 | _aПеред загл. авт.: д-р с.-х. наук проф. С.С. Соболев | ||
| 606 |
_aТравопольная система земледелия _2psbo |
||
| 606 |
_aПочвоведение _2psbo |
||
| 700 | 1 |
_aСоболев _bС.С. _gСергей Степанович |
|
| 702 | 1 |
_aВильямс _bВ.Р. _gВасилий Робертович _4570 |
|
| 801 | 0 |
_aRU _bNLR _gpsbo |
|
| 801 | 1 |
_aRU _bELAR _2rusmarc |
|
| 852 |
_aNLR _jС30 Г-6/151 |
||
| 942 | _cBOOK | ||
| 980 | _aNB | ||